| 000 | 00381nam a22001217a 4500 | ||
|---|---|---|---|
| 082 |
_a070.442 _bTAR _cL-NUST-01, P-50 |
||
| 100 |
_aMustansir Hussain Tarar _946997 |
||
| 245 |
_aالوّ ہمارے بھائی ہیں _cMustansir Hussain Tarar |
||
| 260 |
_aLahore. _bsang mail publisers _cc1997. |
||
| 526 |
_a0 _b0 _c0 _d070_442000000000000_TAR |
||
| 650 |
_aMCE _9379 |
||
| 942 |
_2ddc _cBK |
||
| 999 |
_c550305 _d550305 |
||